000 00395nam a2200097Ia 4500
008 171204s9999 xx 000 0 und d
245 _aChange Your Thoughts Change Your Life: The Power Of Language: (Words, Language, Success, Change, Better Life, Power, Thoughts, How to)
260 _c2015
650 _xDevelopment of Psychological Thought
856 _uhttp://down.ebook777.com/025/B00YN5QWXW.pdf
999 _c346932
_d346932